Mountain West College Football Teams - NO HINTS - Statistics

General Stats
  • This quiz has been taken 29 times
  • The average score is 10 of 12
Answer Stats
Team % Correct
Boise State
100%
Colorado State
95%
New Mexico
89%
San Diego State
89%
UNLV
89%
Wyoming
89%
San Jose State
84%
Utah State
84%
Air Force
79%
Fresno State
79%
Nevada
79%
Hawaii
68%
No matching quizzes found
Score Distribution
Percent of People with Each Score
Percentile by Number Answered
Your Score History
You have not taken this quiz